000 01347nam a2200217 a 4500
008 190822s2012 ||||||||||||||||| || u
020 _a9781408064221
050 _aTL 152 Ham
100 _aBrown, Julian
245 1 0 _aVehicle maintenance and repair : Level 1
_cBy Patrick Hamilton ; John Rooke ; Julian Brown
260 _aHampshire
_bCengage Learning
_c2012
300 _axii, 259 pages : illustrations
650 _aAUTOMOBILES--MAINTENANCE AND REPAIR
700 _aRooke, John
700 _aHamilton, Patrick
995 _D28.16
_FCBU-MAIN LIBRARY (Kitwe)
_M4
_UAVAILABLE
_WAug 27, 2019
_ZMain Library Open Access Collection
995 _D28.16
_FCBU-MAIN LIBRARY (Kitwe)
_M2
_UAVAILABLE
_WAug 27, 2019
_ZMain Library Open Access Collection
995 _D28.16
_FCBU-MAIN LIBRARY (Kitwe)
_M5
_UAVAILABLE
_WAug 27, 2019
_ZMain Library Open Access Collection
995 _D28.16
_FCBU-MAIN LIBRARY (Kitwe)
_M3
_UAVAILABLE
_WAug 27, 2019
_ZMain Library Open Access Collection
995 _D28.16
_FCBU-MAIN LIBRARY (Kitwe)
_M1
_UAVAILABLE
_WAug 27, 2019
_ZMain Library Open Access Collection
999 _c78339
_d78339